Lélek vagy test szerint idegenek

Elmentve itt :
Bibliográfiai részletek
Szerző: GYÖRFFY László
Adatforrás:Meister
Forrásdokumentuma:Helikon. -
49 sz., 1991, 2-3 p.
Nyelv:magyar
Kulcsszavak:politikai publicisztika
idegenség
LEADER 00365nab a2200133 i 4500
001 bibPRO00009379
008 060524s1991 xx hun
040 |a Sz1 
041 |a hun 
100 1 |a GYÖRFFY László 
245 1 0 |a Lélek vagy test szerint idegenek  |c GYÖRFFY László 
695 |a politikai publicisztika 
695 |a idegenség 
773 0 |t Helikon. -  |g 49 sz., 1991, 2-3 p.